[Event "45th FIDE Chess Olympiad Open"]
[Site "Budapest, Hungary"]
[Date "2024.09.21"]
[Round "10"]
[White "Almeida Quintana, Omar"]
[Black "Muradli, Mahammad"]
[Result "1/2-1/2"]
[Board "48"]
[WhiteFideId "3503313"]
[BlackFideId "13409301"]
[WhiteTitle "GM"]
[BlackTitle "GM"]
[WhiteElo "2492"]
[BlackElo "2576"]
[WhiteTeam "Cuba"]
[BlackTeam "Azerbaijan"]
[WhiteClock "0:28:18"]
[BlackClock "0:14:56"]
[Variant "Standard"]

1. d4 {[%clk 1:30:56]}  Nf6 {[%clk 1:30:08]} 2. Nf3 {[%clk 1:31:06]}  d5 {[%clk 1:30:29]} 3. c4 {[%clk 1:31:22]}  e6 {[%clk 1:30:52]} 4. Nc3 {[%clk 1:31:35]}  c5 {[%clk 1:31:16]} 5. cxd5 {[%clk 1:30:23]}  Nxd5 {[%clk 1:28:52]} 6. e4 {[%clk 1:25:32]}  Nxc3 {[%clk 1:29:12]} 7. bxc3 {[%clk 1:26:00]}  cxd4 {[%clk 1:29:28]} 8. cxd4 {[%clk 1:26:26]}  Bb4+ {[%clk 1:29:50]} 9. Bd2 {[%clk 1:26:51]}  Bxd2+ {[%clk 1:30:04]} 10. Qxd2 {[%clk 1:27:19]}  O-O {[%clk 1:30:26]} 11. Bd3 {[%clk 1:24:31]}  Nc6 {[%clk 1:23:09]} 12. e5 {[%clk 1:20:25]}  Qa5 {[%clk 0:55:22]} 13. Rc1 {[%clk 1:16:17]}  Rd8 {[%clk 0:49:10]} 14. Qxa5 {[%clk 1:15:57]}  Nxa5 {[%clk 0:49:38]} 15. Ke2 {[%clk 1:12:18]}  Bd7 {[%clk 0:46:36]} 16. Ke3 {[%clk 1:06:56]}  Bc6 {[%clk 0:43:29]} 17. Ng5 {[%clk 0:58:09]}  h6 {[%clk 0:41:23]} 18. Ne4 {[%clk 0:54:32]}  Bxe4 {[%clk 0:36:44]} 19. Bxe4 {[%clk 0:53:48]}  Rac8 {[%clk 0:37:10]} 20. Rhd1 {[%clk 0:42:12]}  Kf8 {[%clk 0:34:56]} 21. f4 {[%clk 0:41:41]}  b5 {[%clk 0:27:45]} 22. Rxc8 {[%clk 0:40:00]}  Rxc8 {[%clk 0:28:07]} 23. d5 {[%clk 0:40:26]}  Nc4+ {[%clk 0:13:37]} 24. Ke2 {[%clk 0:35:38]}  Nb6 {[%clk 0:11:53]} 25. dxe6 {[%clk 0:16:44]}  fxe6 {[%clk 0:12:08]} 26. Rd6 {[%clk 0:16:26]}  Ke7 {[%clk 0:12:24]} 27. g4 {[%clk 0:14:10]}  Rc5 {[%clk 0:06:53]} 28. Rc6 {[%clk 0:08:33]}  Rxc6 {[%clk 0:04:59]} 29. Bxc6 {[%clk 0:09:01]}  b4 {[%clk 0:05:23]} 30. Kd3 {[%clk 0:09:21]}  a5 {[%clk 0:04:23]} 31. Kd4 {[%clk 0:06:49]}  a4 {[%clk 0:03:26]} 32. Be4 {[%clk 0:04:30]}  Nd5 {[%clk 0:00:42]} 33. Kc4 {[%clk 0:04:45]}  b3 {[%clk 0:00:37]} 34. axb3 {[%clk 0:05:03]}  Ne3+ {[%clk 0:00:34]} 35. Kc3 {[%clk 0:04:30]}  axb3 {[%clk 0:00:32]} 36. h3 {[%clk 0:04:38]}  Nd1+ {[%clk 0:00:35]} 37. Kxb3 {[%clk 0:04:45]}  Nf2 {[%clk 0:01:05]} 38. Bg2 {[%clk 0:02:58]}  Nd3 {[%clk 0:01:32]} 39. h4 {[%clk 0:02:09]}  Nxf4 {[%clk 0:01:35]} 40. Be4 {[%clk 0:02:31]}  Nd5 {[%clk 0:00:36]} 41. Bf3 {[%clk 0:01:24]}  Kd7 {[%clk 0:17:17]} 42. Kc4 {[%clk 0:31:12]}  Ne7 {[%clk 0:17:27]} 43. Be4 {[%clk 0:31:01]}  g6 {[%clk 0:14:56]} 44. Kc5 {[%clk 0:28:18]} 1/2-1/2

[Event "45th FIDE Chess Olympiad Open"]
[Site "Budapest, Hungary"]
[Date "2024.09.21"]
[Round "10"]
[White "Theodorou, Nikolas"]
[Black "Kadric, Denis"]
[Result "1-0"]
[Board "49"]
[WhiteFideId "4262875"]
[BlackFideId "14403803"]
[WhiteTitle "GM"]
[BlackTitle "GM"]
[WhiteElo "2619"]
[BlackElo "2553"]
[WhiteTeam "Greece"]
[BlackTeam "Montenegro"]
[WhiteClock "0:14:05"]
[BlackClock "0:19:18"]
[Variant "Standard"]

1. d4 {[%clk 1:30:57]}  d5 {[%clk 1:30:55]} 2. c4 {[%clk 1:30:26]}  dxc4 {[%clk 1:31:19]} 3. Nf3 {[%clk 1:30:05]}  e6 {[%clk 1:31:40]} 4. e3 {[%clk 1:17:37]}  b5 {[%clk 1:32:03]} 5. a4 {[%clk 1:15:51]}  c6 {[%clk 1:32:27]} 6. axb5 {[%clk 1:10:13]}  cxb5 {[%clk 1:32:45]} 7. b3 {[%clk 1:10:39]}  Nf6 {[%clk 1:33:05]} 8. bxc4 {[%clk 1:10:35]}  bxc4 {[%clk 1:33:32]} 9. Bxc4 {[%clk 1:10:51]}  Bd6 {[%clk 1:33:57]} 10. O-O {[%clk 1:09:01]}  O-O {[%clk 1:34:21]} 11. Ba3 {[%clk 1:07:09]}  Bb7 {[%clk 1:34:44]} 12. Nbd2 {[%clk 1:06:45]}  a5 {[%clk 1:35:08]} 13. Be2 {[%clk 1:04:28]}  Nc6 {[%clk 1:33:46]} 14. Bxd6 {[%clk 0:56:10]}  Qxd6 {[%clk 1:34:11]} 15. Nc4 {[%clk 0:56:34]}  Qc7 {[%clk 1:34:38]} 16. Qa4 {[%clk 0:54:51]}  Rfb8 {[%clk 1:28:26]} 17. Rfc1 {[%clk 0:52:41]}  Qd8 {[%clk 1:27:59]} 18. Nfe5 {[%clk 0:48:22]}  Nxe5 {[%clk 1:21:42]} 19. Nxe5 {[%clk 0:43:59]}  Bd5 {[%clk 1:02:40]} 20. Bb5 {[%clk 0:43:39]}  Rc8 {[%clk 0:51:10]} 21. f3 {[%clk 0:41:49]}  g6 {[%clk 0:49:35]} 22. Qa3 {[%clk 0:40:21]}  Rxc1+ {[%clk 0:46:24]} 23. Rxc1 {[%clk 0:40:32]}  Kg7 {[%clk 0:46:23]} 24. Rc5 {[%clk 0:35:50]}  a4 {[%clk 0:35:48]} 25. Bxa4 {[%clk 0:34:16]}  Qb6 {[%clk 0:22:52]} 26. Rc1 {[%clk 0:32:36]}  Qa5 {[%clk 0:22:52]} 27. Ra1 {[%clk 0:21:20]}  Qd2 {[%clk 0:21:20]} 28. h3 {[%clk 0:21:41]}  Ra7 {[%clk 0:16:40]} 29. Kh2 {[%clk 0:20:11]}  Nh5 {[%clk 0:11:49]} 30. Qc5 {[%clk 0:16:39]}  Rb7 {[%clk 0:04:30]} 31. Qc1 {[%clk 0:15:06]}  Qf2 {[%clk 0:04:57]} 32. Qe1 {[%clk 0:15:23]}  Qb2 {[%clk 0:02:33]} 33. Kg1 {[%clk 0:07:45]}  Rc7 {[%clk 0:02:03]} 34. Nd3 {[%clk 0:06:21]}  Qb6 {[%clk 0:02:25]} 35. Rc1 {[%clk 0:05:52]}  Ra7 {[%clk 0:02:04]} 36. Nc5 {[%clk 0:06:05]}  Qb2 {[%clk 0:01:46]} 37. Qc3 {[%clk 0:04:48]}  Qxc3 {[%clk 0:00:56]} 38. Rxc3 {[%clk 0:05:16]}  Nf6 {[%clk 0:00:45]} 39. e4 {[%clk 0:04:48]}  Bb7 {[%clk 0:01:02]} 40. Kf2 {[%clk 0:01:08]}  Bc8 {[%clk 0:01:28]} 41. Rc2 {[%clk 0:28:50]}  Kf8 {[%clk 0:30:18]} 42. Bc6 {[%clk 0:26:04]}  Ke7 {[%clk 0:25:55]} 43. e5 {[%clk 0:25:46]}  Nd5 {[%clk 0:25:39]} 44. Bxd5 {[%clk 0:24:09]}  exd5 {[%clk 0:26:07]} 45. h4 {[%clk 0:24:16]}  h6 {[%clk 0:24:56]} 46. Rb2 {[%clk 0:22:09]}  Ra1 {[%clk 0:20:49]} 47. Rb8 {[%clk 0:19:14]}  Ra2+ {[%clk 0:21:15]} 48. Kg1 {[%clk 0:16:44]}  Be6 {[%clk 0:21:18]} 49. Rb7+ {[%clk 0:17:03]}  Kf8 {[%clk 0:21:46]} 50. Nd7+ {[%clk 0:17:02]}  Ke8 {[%clk 0:20:32]} 51. Nf6+ {[%clk 0:17:24]}  Kd8 {[%clk 0:21:00]} 52. Rb6 {[%clk 0:15:29]}  Kc8 {[%clk 0:18:24]} 53. Rd6 {[%clk 0:14:55]}  Ra5 {[%clk 0:18:51]} 54. g4 {[%clk 0:14:01]}  Kb7 {[%clk 0:19:18]} 55. Nd7 {[%clk 0:14:05]} 1-0

[Event "45th FIDE Chess Olympiad Open"]
[Site "Budapest, Hungary"]
[Date "2024.09.21"]
[Round "10"]
[White "Petrov, Nikita"]
[Black "Kourkoulos-Arditis, Stamatis"]
[Result "1-0"]
[Board "50"]
[WhiteFideId "4101286"]
[BlackFideId "4221990"]
[WhiteTitle "GM"]
[BlackTitle "GM"]
[WhiteElo "2574"]
[BlackElo "2570"]
[WhiteTeam "Montenegro"]
[BlackTeam "Greece"]
[WhiteClock "0:37:41"]
[BlackClock "0:02:18"]
[Variant "Standard"]

1. d4 {[%clk 1:30:57]}  d5 {[%clk 1:30:55]} 2. c4 {[%clk 1:30:23]}  e6 {[%clk 1:31:20]} 3. Nf3 {[%clk 1:29:58]}  a6 {[%clk 1:31:42]} 4. e3 {[%clk 1:25:29]}  Nf6 {[%clk 1:31:39]} 5. Nbd2 {[%clk 1:24:09]}  c5 {[%clk 1:25:46]} 6. cxd5 {[%clk 1:21:27]}  exd5 {[%clk 1:26:04]} 7. b3 {[%clk 1:20:43]}  Nc6 {[%clk 1:11:13]} 8. Bb2 {[%clk 1:18:42]}  Bg4 {[%clk 0:50:05]} 9. Be2 {[%clk 1:13:05]}  Bxf3 {[%clk 0:48:13]} 10. Nxf3 {[%clk 1:11:30]}  cxd4 {[%clk 0:48:36]} 11. Nxd4 {[%clk 1:11:32]}  Bb4+ {[%clk 0:43:54]} 12. Kf1 {[%clk 1:11:54]}  Ne4 {[%clk 0:34:15]} 13. Nxc6 {[%clk 1:02:00]}  bxc6 {[%clk 0:34:37]} 14. Qd4 {[%clk 1:01:33]}  Qf6 {[%clk 0:20:22]} 15. Qxe4+ {[%clk 0:56:22]}  dxe4 {[%clk 0:20:46]} 16. Bxf6 {[%clk 0:56:49]}  gxf6 {[%clk 0:21:11]} 17. Rc1 {[%clk 0:56:48]}  c5 {[%clk 0:19:39]} 18. Rc4 {[%clk 0:55:05]}  O-O-O {[%clk 0:08:39]} 19. Rxe4 {[%clk 0:50:58]}  Rd2 {[%clk 0:09:04]} 20. Bxa6+ {[%clk 0:46:02]}  Kc7 {[%clk 0:09:03]} 21. g3 {[%clk 0:43:17]}  Ra8 {[%clk 0:08:37]} 22. Bc4 {[%clk 0:43:29]}  Raxa2 {[%clk 0:08:44]} 23. Rf4 {[%clk 0:43:51]}  Bc3 {[%clk 0:08:39]} 24. Kg2 {[%clk 0:41:53]}  Be5 {[%clk 0:04:55]} 25. Rf5 {[%clk 0:41:59]}  Rdc2 {[%clk 0:02:30]} 26. Rf1 {[%clk 0:38:51]}  Kd6 {[%clk 0:02:54]} 27. Rh5 {[%clk 0:37:52]}  Rc3 {[%clk 0:02:18]} 28. Kf3 {[%clk 0:37:41]} 1-0

[Event "45th FIDE Chess Olympiad Open"]
[Site "Budapest, Hungary"]
[Date "2024.09.21"]
[Round "10"]
[White "Papaioannou, Ioannis"]
[Black "Djukic, Nikola"]
[Result "1-0"]
[Board "51"]
[WhiteFideId "4201345"]
[BlackFideId "922412"]
[WhiteTitle "GM"]
[BlackTitle "GM"]
[WhiteElo "2615"]
[BlackElo "2515"]
[WhiteTeam "Greece"]
[BlackTeam "Montenegro"]
[WhiteClock "0:35:34"]
[BlackClock "0:04:49"]
[Variant "Standard"]

1. d4 {[%clk 1:30:55]}  Nf6 {[%clk 1:30:53]} 2. Nf3 {[%clk 1:31:17]}  e6 {[%clk 1:31:15]} 3. Bf4 {[%clk 1:31:22]}  c5 {[%clk 1:29:03]} 4. e3 {[%clk 1:31:34]}  d5 {[%clk 1:29:24]} 5. Be2 {[%clk 1:31:03]}  Bd6 {[%clk 1:22:43]} 6. dxc5 {[%clk 1:30:44]}  Bxf4 {[%clk 1:22:50]} 7. exf4 {[%clk 1:31:04]}  Qa5+ {[%clk 1:23:12]} 8. c3 {[%clk 1:30:18]}  Qxc5 {[%clk 1:23:37]} 9. Nbd2 {[%clk 1:28:37]}  Qc7 {[%clk 1:19:04]} 10. g3 {[%clk 1:28:57]}  O-O {[%clk 1:19:28]} 11. O-O {[%clk 1:27:20]}  b6 {[%clk 1:13:28]} 12. a4 {[%clk 1:25:26]}  Nbd7 {[%clk 0:54:10]} 13. Nd4 {[%clk 1:17:32]}  e5 {[%clk 0:50:35]} 14. fxe5 {[%clk 1:16:38]}  Nxe5 {[%clk 0:50:59]} 15. Re1 {[%clk 1:14:57]}  Bh3 {[%clk 0:44:29]} 16. N2f3 {[%clk 1:11:13]}  Nc4 {[%clk 0:44:51]} 17. Qc2 {[%clk 1:11:03]}  Rfe8 {[%clk 0:41:27]} 18. Bd3 {[%clk 1:08:24]}  Bg4 {[%clk 0:35:48]} 19. Nd2 {[%clk 1:06:03]}  Bh5 {[%clk 0:33:12]} 20. Nb5 {[%clk 1:01:37]}  Rxe1+ {[%clk 0:26:47]} 21. Rxe1 {[%clk 1:01:23]}  Qc6 {[%clk 0:27:13]} 22. Nd4 {[%clk 0:56:08]}  Qc7 {[%clk 0:25:31]} 23. Nxc4 {[%clk 0:55:09]}  dxc4 {[%clk 0:25:54]} 24. Bf1 {[%clk 0:55:33]}  Bg6 {[%clk 0:16:42]} 25. Qe2 {[%clk 0:54:01]}  Rc8 {[%clk 0:17:06]} 26. Qe7 {[%clk 0:53:16]}  a6 {[%clk 0:16:59]} 27. Bg2 {[%clk 0:43:59]}  Qxe7 {[%clk 0:14:41]} 28. Rxe7 {[%clk 0:44:24]}  Re8 {[%clk 0:15:07]} 29. Nc6 {[%clk 0:40:49]}  Rxe7 {[%clk 0:09:15]} 30. Nxe7+ {[%clk 0:41:13]}  Kf8 {[%clk 0:09:42]} 31. Nc8 {[%clk 0:39:12]}  Nd7 {[%clk 0:10:05]} 32. Bh3 {[%clk 0:39:13]}  f5 {[%clk 0:09:22]} 33. Bf1 {[%clk 0:27:04]}  Bf7 {[%clk 0:09:23]} 34. Nd6 {[%clk 0:26:09]}  Nc5 {[%clk 0:08:14]} 35. Nxf7 {[%clk 0:23:42]}  Kxf7 {[%clk 0:08:40]} 36. Bxc4+ {[%clk 0:24:07]}  Kf6 {[%clk 0:09:02]} 37. b3 {[%clk 0:16:48]}  f4 {[%clk 0:06:33]} 38. Kg2 {[%clk 0:15:04]}  Ke5 {[%clk 0:06:41]} 39. Kf3 {[%clk 0:14:50]}  g5 {[%clk 0:03:12]} 40. gxf4+ {[%clk 0:13:56]}  gxf4 {[%clk 0:03:37]} 41. Ke2 {[%clk 0:14:08]}  b5 {[%clk 0:21:18]} 42. axb5 {[%clk 0:40:33]}  axb5 {[%clk 0:21:11]} 43. Bd3 {[%clk 0:40:38]}  Nxb3 {[%clk 0:17:57]} 44. Bxh7 {[%clk 0:40:57]}  b4 {[%clk 0:10:51]} 45. cxb4 {[%clk 0:40:18]}  Nd4+ {[%clk 0:11:14]} 46. Kd3 {[%clk 0:35:28]}  Nf3 {[%clk 0:11:37]} 47. h4 {[%clk 0:35:05]}  Nxh4 {[%clk 0:08:08]} 48. Be4 {[%clk 0:35:30]}  f3 {[%clk 0:07:35]} 49. Ke3 {[%clk 0:34:44]}  Ng2+ {[%clk 0:07:50]} 50. Kxf3 {[%clk 0:35:08]}  Nf4 {[%clk 0:08:16]} 51. b5 {[%clk 0:34:51]}  Ne6 {[%clk 0:08:00]} 52. b6 {[%clk 0:35:08]}  Kd6 {[%clk 0:07:56]} 53. b7 {[%clk 0:33:40]}  Kc7 {[%clk 0:08:21]} 54. Kg4 {[%clk 0:33:53]}  Nc5 {[%clk 0:06:57]} 55. Kf5 {[%clk 0:34:18]}  Nd7 {[%clk 0:04:40]} 56. f4 {[%clk 0:34:43]}  Kd6 {[%clk 0:04:37]} 57. Kg6 {[%clk 0:35:08]}  Ke7 {[%clk 0:04:49]} 58. Kg7 {[%clk 0:35:34]} 1-0

[Event "45th FIDE Chess Olympiad Open"]
[Site "Budapest, Hungary"]
[Date "2024.09.21"]
[Round "10"]
[White "Draskovic, Luka"]
[Black "Mastrovasilis, Dimitrios"]
[Result "1/2-1/2"]
[Board "52"]
[WhiteFideId "944335"]
[BlackFideId "4202694"]
[WhiteTitle "GM"]
[BlackTitle "GM"]
[WhiteElo "2497"]
[BlackElo "2550"]
[WhiteTeam "Montenegro"]
[BlackTeam "Greece"]
[WhiteClock "0:10:26"]
[BlackClock "0:06:10"]
[Variant "Standard"]

1. e4 {[%clk 1:30:51]}  e5 {[%clk 1:30:53]} 2. Nf3 {[%clk 1:31:14]}  Nc6 {[%clk 1:31:14]} 3. Bc4 {[%clk 1:31:18]}  Nf6 {[%clk 1:31:32]} 4. d3 {[%clk 1:31:16]}  h6 {[%clk 1:31:45]} 5. a4 {[%clk 1:26:43]}  Bc5 {[%clk 1:27:47]} 6. O-O {[%clk 1:25:04]}  d6 {[%clk 1:26:27]} 7. c3 {[%clk 1:22:38]}  a5 {[%clk 1:26:03]} 8. Nbd2 {[%clk 1:21:05]}  O-O {[%clk 1:21:38]} 9. Re1 {[%clk 1:16:31]}  Ne7 {[%clk 1:17:21]} 10. Nf1 {[%clk 1:12:03]}  Ng6 {[%clk 1:15:53]} 11. Ng3 {[%clk 1:09:20]}  c6 {[%clk 1:08:37]} 12. d4 {[%clk 1:01:50]}  Ba7 {[%clk 0:53:20]} 13. h3 {[%clk 0:58:37]}  exd4 {[%clk 0:36:19]} 14. Nxd4 {[%clk 0:56:43]}  Nxe4 {[%clk 0:30:36]} 15. Nxe4 {[%clk 0:42:26]}  d5 {[%clk 0:30:56]} 16. Bb3 {[%clk 0:31:26]}  dxe4 {[%clk 0:31:02]} 17. Rxe4 {[%clk 0:30:44]}  Qf6 {[%clk 0:21:20]} 18. Qh5 {[%clk 0:22:57]}  Bd7 {[%clk 0:17:48]} 19. Bd2 {[%clk 0:21:15]}  Bb6 {[%clk 0:11:55]} 20. g4 {[%clk 0:14:35]}  Rae8 {[%clk 0:09:45]} 21. Rae1 {[%clk 0:12:54]}  Rxe4 {[%clk 0:05:26]} 22. Rxe4 {[%clk 0:13:17]}  Re8 {[%clk 0:05:27]} 23. Rxe8+ {[%clk 0:10:03]}  Bxe8 {[%clk 0:05:56]} 24. Qf5 {[%clk 0:07:35]}  Bxd4 {[%clk 0:03:56]} 25. cxd4 {[%clk 0:08:00]}  Qxf5 {[%clk 0:04:22]} 26. gxf5 {[%clk 0:08:25]}  Nh4 {[%clk 0:04:47]} 27. Bxa5 {[%clk 0:08:17]}  Nf3+ {[%clk 0:05:06]} 28. Kg2 {[%clk 0:06:48]}  Nxd4 {[%clk 0:05:33]} 29. Bd1 {[%clk 0:07:12]}  Nxf5 {[%clk 0:05:24]} 30. Bg4 {[%clk 0:07:37]}  Bd7 {[%clk 0:04:28]} 31. Bxf5 {[%clk 0:07:46]}  Bxf5 {[%clk 0:04:52]} 32. Bb6 {[%clk 0:08:13]}  Bc2 {[%clk 0:04:49]} 33. a5 {[%clk 0:08:38]}  f6 {[%clk 0:05:11]} 34. f4 {[%clk 0:08:57]}  Kf7 {[%clk 0:05:34]} 35. Kg3 {[%clk 0:09:20]}  g5 {[%clk 0:05:27]} 36. fxg5 {[%clk 0:09:16]}  hxg5 {[%clk 0:05:36]} 37. h4 {[%clk 0:09:39]}  gxh4+ {[%clk 0:06:01]} 38. Kxh4 {[%clk 0:10:06]}  Ke6 {[%clk 0:06:25]} 39. b4 {[%clk 0:10:26]}  Kd5 {[%clk 0:06:10]} 1/2-1/2

[Event "45th FIDE Chess Olympiad Open"]
[Site "Budapest, Hungary"]
[Date "2024.09.21"]
[Round "10"]
[White "Grandelius, Nils"]
[Black "Cheparinov, Ivan"]
[Result "1/2-1/2"]
[Board "53"]
[WhiteFideId "1710400"]
[BlackFideId "2905540"]
[WhiteTitle "GM"]
[BlackTitle "GM"]
[WhiteElo "2653"]
[BlackElo "2628"]
[WhiteTeam "Sweden"]
[BlackTeam "Bulgaria"]
[WhiteClock "0:01:30"]
[BlackClock "0:30:31"]
[Variant "Standard"]

1. e4 {[%clk 1:30:44]}  c5 {[%clk 1:30:56]} 2. Nf3 {[%clk 1:30:49]}  d6 {[%clk 1:31:22]} 3. Bb5+ {[%clk 1:30:49]}  Bd7 {[%clk 1:31:39]} 4. Bxd7+ {[%clk 1:30:49]}  Nxd7 {[%clk 1:32:04]} 5. c3 {[%clk 1:29:44]}  Ngf6 {[%clk 1:32:25]} 6. Qe2 {[%clk 1:30:09]}  e6 {[%clk 1:32:44]} 7. d4 {[%clk 1:30:04]}  cxd4 {[%clk 1:33:07]} 8. cxd4 {[%clk 1:30:29]}  d5 {[%clk 1:33:31]} 9. e5 {[%clk 1:30:13]}  Bb4+ {[%clk 1:33:55]} 10. Nbd2 {[%clk 1:29:48]}  Ne4 {[%clk 1:34:19]} 11. O-O {[%clk 1:29:48]}  Nxd2 {[%clk 1:34:41]} 12. Bxd2 {[%clk 1:30:14]}  Bxd2 {[%clk 1:35:04]} 13. Qxd2 {[%clk 1:30:39]}  O-O {[%clk 1:35:22]} 14. Rfc1 {[%clk 1:30:22]}  Nb8 {[%clk 1:31:49]} 15. Rc5 {[%clk 1:17:02]}  Nc6 {[%clk 1:30:33]} 16. Rac1 {[%clk 1:17:18]}  h6 {[%clk 1:19:53]} 17. b4 {[%clk 1:11:00]}  a6 {[%clk 1:17:45]} 18. h3 {[%clk 1:09:03]}  Qd7 {[%clk 1:16:48]} 19. R1c2 {[%clk 0:44:42]}  Rfc8 {[%clk 1:09:06]} 20. Qc1 {[%clk 0:43:41]}  Qd8 {[%clk 1:05:25]} 21. Kf1 {[%clk 0:26:54]}  Ne7 {[%clk 0:57:48]} 22. Rxc8 {[%clk 0:25:57]}  Rxc8 {[%clk 0:56:10]} 23. Rxc8 {[%clk 0:26:20]}  Nxc8 {[%clk 0:54:21]} 24. Qc5 {[%clk 0:25:18]}  Qd7 {[%clk 0:48:40]} 25. a4 {[%clk 0:17:18]}  b6 {[%clk 0:48:18]} 26. Qc2 {[%clk 0:17:44]}  Ne7 {[%clk 0:48:36]} 27. Ke2 {[%clk 0:16:59]}  Nc6 {[%clk 0:47:51]} 28. Qc3 {[%clk 0:17:09]}  Ne7 {[%clk 0:44:37]} 29. Qc2 {[%clk 0:17:33]}  b5 {[%clk 0:43:22]} 30. a5 {[%clk 0:07:37]}  Qc6 {[%clk 0:43:34]} 31. Qc5 {[%clk 0:07:33]}  Qxc5 {[%clk 0:44:00]} 32. dxc5 {[%clk 0:07:59]}  Nc6 {[%clk 0:44:26]} 33. Ke3 {[%clk 0:06:17]}  Kf8 {[%clk 0:43:44]} 34. Nd4 {[%clk 0:06:33]}  Nxd4 {[%clk 0:36:31]} 35. Kxd4 {[%clk 0:06:55]}  Ke7 {[%clk 0:36:58]} 36. f4 {[%clk 0:06:43]}  Kd7 {[%clk 0:36:11]} 37. h4 {[%clk 0:02:46]}  g6 {[%clk 0:30:33]} 38. g4 {[%clk 0:02:14]}  Kc6 {[%clk 0:29:37]} 39. Kd3 {[%clk 0:01:58]}  Kd7 {[%clk 0:30:02]} 40. Ke3 {[%clk 0:02:24]}  Kc6 {[%clk 0:30:18]} 41. Kf3 {[%clk 0:01:30]}  Kd7 {[%clk 0:30:31]} 1/2-1/2

[Event "45th FIDE Chess Olympiad Open"]
[Site "Budapest, Hungary"]
[Date "2024.09.21"]
[Round "10"]
[White "Naiditsch, Arkadij"]
[Black "Blomqvist, Erik"]
[Result "1-0"]
[Board "54"]
[WhiteFideId "4650891"]
[BlackFideId "1709437"]
[WhiteTitle "GM"]
[BlackTitle "GM"]
[WhiteElo "2643"]
[BlackElo "2491"]
[WhiteTeam "Bulgaria"]
[BlackTeam "Sweden"]
[WhiteClock "0:04:56"]
[BlackClock "0:04:28"]
[Variant "Standard"]

1. e4 {[%clk 1:30:56]}  e5 {[%clk 1:30:52]} 2. Nf3 {[%clk 1:31:20]}  Nc6 {[%clk 1:31:15]} 3. Nc3 {[%clk 1:31:44]}  Nf6 {[%clk 1:31:35]} 4. Bb5 {[%clk 1:32:09]}  Bc5 {[%clk 1:31:46]} 5. Bxc6 {[%clk 1:30:21]}  dxc6 {[%clk 1:32:05]} 6. d3 {[%clk 1:30:43]}  Nd7 {[%clk 1:30:24]} 7. Be3 {[%clk 1:29:36]}  Bxe3 {[%clk 1:28:45]} 8. fxe3 {[%clk 1:30:02]}  Qe7 {[%clk 1:28:20]} 9. Qd2 {[%clk 1:30:25]}  b6 {[%clk 1:27:59]} 10. O-O {[%clk 1:25:18]}  Bb7 {[%clk 1:27:03]} 11. a3 {[%clk 1:23:08]}  h5 {[%clk 1:16:48]} 12. Qf2 {[%clk 1:20:39]}  h4 {[%clk 1:15:49]} 13. b4 {[%clk 1:12:37]}  h3 {[%clk 1:13:38]} 14. g4 {[%clk 1:12:01]}  O-O-O {[%clk 1:06:51]} 15. Qg3 {[%clk 1:11:39]}  Kb8 {[%clk 1:06:34]} 16. Nd1 {[%clk 1:03:47]}  Rh6 {[%clk 1:02:48]} 17. Nf2 {[%clk 1:02:48]}  Rdh8 {[%clk 1:02:59]} 18. c4 {[%clk 0:57:17]}  c5 {[%clk 0:56:53]} 19. b5 {[%clk 0:51:30]}  f6 {[%clk 0:54:23]} 20. Kh1 {[%clk 0:34:35]}  Nf8 {[%clk 0:53:14]} 21. a4 {[%clk 0:33:54]}  Ng6 {[%clk 0:37:40]} 22. a5 {[%clk 0:27:58]}  Nh4 {[%clk 0:35:11]} 23. axb6 {[%clk 0:28:11]}  axb6 {[%clk 0:34:13]} 24. Ra3 {[%clk 0:24:42]}  g6 {[%clk 0:27:33]} 25. g5 {[%clk 0:12:33]}  Rh5 {[%clk 0:26:28]} 26. gxf6 {[%clk 0:12:32]}  Qxf6 {[%clk 0:26:43]} 27. Ng4 {[%clk 0:12:49]}  Qe6 {[%clk 0:18:45]} 28. Nxh4 {[%clk 0:09:18]}  Rxh4 {[%clk 0:17:07]} 29. Nf6 {[%clk 0:07:05]}  Kc8 {[%clk 0:08:49]} 30. Qf2 {[%clk 0:06:52]}  Rf4 {[%clk 0:03:32]} 31. exf4 {[%clk 0:07:04]}  Qxf6 {[%clk 0:04:00]} 32. fxe5 {[%clk 0:06:21]}  Qxe5 {[%clk 0:04:23]} 33. Qf6 {[%clk 0:05:52]}  Qh5 {[%clk 0:04:45]} 34. Rfa1 {[%clk 0:04:56]}  Kb8 {[%clk 0:04:28]} 35. Ra7 {[%clk 0:04:56]} 1-0

[Event "45th FIDE Chess Olympiad Open"]
[Site "Budapest, Hungary"]
[Date "2024.09.21"]
[Round "10"]
[White "Hillarp Persson, Tiger"]
[Black "Petkov, Momchil"]
[Result "0-1"]
[Board "55"]
[WhiteFideId "1700812"]
[BlackFideId "2921642"]
[WhiteTitle "GM"]
[BlackTitle "GM"]
[WhiteElo "2457"]
[BlackElo "2540"]
[WhiteTeam "Sweden"]
[BlackTeam "Bulgaria"]
[WhiteClock "0:00:32"]
[BlackClock "0:12:33"]
[Variant "Standard"]

1. c4 {[%clk 1:30:57]}  Nf6 {[%clk 1:30:29]} 2. Nf3 {[%clk 1:30:48]}  g6 {[%clk 1:30:44]} 3. Nc3 {[%clk 1:30:56]}  Bg7 {[%clk 1:31:01]} 4. d4 {[%clk 1:31:00]}  d6 {[%clk 1:30:53]} 5. e3 {[%clk 1:29:37]}  O-O {[%clk 1:29:56]} 6. Be2 {[%clk 1:30:00]}  Nbd7 {[%clk 1:22:24]} 7. O-O {[%clk 1:22:11]}  e5 {[%clk 1:21:44]} 8. h3 {[%clk 1:18:40]}  Re8 {[%clk 1:19:23]} 9. Re1 {[%clk 1:16:39]}  e4 {[%clk 1:15:04]} 10. Nd2 {[%clk 1:17:01]}  Nf8 {[%clk 1:14:23]} 11. Bf1 {[%clk 1:14:02]}  h5 {[%clk 1:13:06]} 12. b4 {[%clk 1:12:50]}  Bf5 {[%clk 1:08:16]} 13. a4 {[%clk 0:58:08]}  c6 {[%clk 1:01:23]} 14. c5 {[%clk 0:23:15]}  d5 {[%clk 1:01:01]} 15. b5 {[%clk 0:23:40]}  g5 {[%clk 0:59:04]} 16. a5 {[%clk 0:22:44]}  a6 {[%clk 0:57:13]} 17. bxc6 {[%clk 0:22:55]}  bxc6 {[%clk 0:57:37]} 18. Rb1 {[%clk 0:22:18]}  g4 {[%clk 0:48:18]} 19. Rb6 {[%clk 0:19:31]}  gxh3 {[%clk 0:31:21]} 20. Rxc6 {[%clk 0:15:27]}  hxg2 {[%clk 0:29:53]} 21. Bxg2 {[%clk 0:15:50]}  Re6 {[%clk 0:28:06]} 22. Rb6 {[%clk 0:12:20]}  h4 {[%clk 0:26:06]} 23. f3 {[%clk 0:10:45]}  h3 {[%clk 0:24:41]} 24. Bh1 {[%clk 0:08:49]}  Nh5 {[%clk 0:23:17]} 25. Nf1 {[%clk 0:06:21]}  Rg6+ {[%clk 0:16:17]} 26. Rxg6 {[%clk 0:06:36]}  Nxg6 {[%clk 0:16:40]} 27. fxe4 {[%clk 0:04:07]}  Qg5+ {[%clk 0:16:31]} 28. Kh2 {[%clk 0:03:06]}  Ne5 {[%clk 0:16:28]} 29. exf5 {[%clk 0:02:05]}  Ng4+ {[%clk 0:16:55]} 30. Qxg4 {[%clk 0:02:24]}  Qxg4 {[%clk 0:17:21]} 31. Nxd5 {[%clk 0:02:39]}  Re8 {[%clk 0:16:27]} 32. f6 {[%clk 0:00:33]}  Nxf6 {[%clk 0:13:48]} 33. Nd2 {[%clk 0:00:34]}  Nxd5 {[%clk 0:11:49]} 34. Bxd5 {[%clk 0:00:56]}  Qf5 {[%clk 0:12:11]} 35. Bf3 {[%clk 0:01:02]}  Rxe3 {[%clk 0:11:51]} 36. Rxe3 {[%clk 0:01:07]}  Qf4+ {[%clk 0:12:17]} 37. Kxh3 {[%clk 0:01:29]}  Qxe3 {[%clk 0:12:42]} 38. c6 {[%clk 0:01:14]}  Qc3 {[%clk 0:12:33]} 39. Ba3 {[%clk 0:00:32]}  Qxa3 {[%clk 0:12:33]} 0-1